Atlas slovenského jazyka 2 flexia

Salvato in:
Dettagli Bibliografici
Natura: Libro
Lingua:slovacco
Pubblicazione: Bratislava Veda 1978
Tags: Aggiungi Tag
Nessun Tag, puoi essere il primo ad aggiungerne!!

MARC

LEADER 00000nam a2200000 4500
001 c106545
005 20260327064832.8
041 0 |a slo 
044 |a SK 
245 1 0 |a Atlas slovenského jazyka 2  |b flexia  |c Jozef Štolc 
264 1 |a Bratislava  |b Veda  |c 1978 
300 |a 188 s.